Regions of Finland Quiz - Statistics

General Stats
  • This quiz has been taken 9 times
  • The average score is 11 of 19
Answer Stats
Region % Correct
Åland İslands
89%
Central Finland
89%
Southwest Finland
89%
Lapland
78%
North Karelia
78%
South Karelia
78%
North Ostrobothnia
67%
Ostrobothnia
67%
North Savo
56%
South Savo
56%
Uusimaa
56%
Central Ostrobothnia
44%
Kanta-Häme
44%
Satakunta
44%
South Ostrobothnia
44%
Kainuu
33%
Kymenlaakso
33%
Päijät-Häme
33%
Pirkanmaa
33%
No matching quizzes found
Score Distribution
Percent of People with Each Score
Percentile by Number Answered
Your Score History
You have not taken this quiz